Štatistická revue Slovenskej republiky

Salvato in:
Dettagli Bibliografici
Natura: Periodico
Lingua:slovacco
Pubblicazione: Bratislava Štatistický úrad Slovenskej republiky 1994
Soggetti:
Tags: Aggiungi Tag
Nessun Tag, puoi essere il primo ad aggiungerne!!

MARC

LEADER 00000nas2a2200000 4500
001 s018130
005 20240109100019.4
041 0 |a slo 
044 |a SK 
245 1 0 |a Štatistická revue Slovenskej republiky 
264 1 |a Bratislava  |b Štatistický úrad Slovenskej republiky  |c 1994 
300 |a 1 zv. 
773 0 |w eu_un_cat*s120242 
610 2 0 |a štatistika 
610 2 0 |a údaje štatistické 
610 2 0 |a ukazovatele NH